[Event "Gran Canaria CupT"]
[Site "Gran Canaria"]
[Date "2011.06.05"]
[Round "7.4"]
[White "Van Dorp, Jan"]
[Black "Rodriguez Perez, David Antonio"]
[Result "0-1"]
[WhiteElo "1980"]
[BlackElo "2029"]
[PlyCount "94"]
[EventDate "2011.06.02"]
[EventType "team-tourn"]
[EventRounds "7"]
[EventCountry "ESP"]
[SourceTitle "CBM 142 Extra"]
[Source "ChessBase"]
[SourceDate "2011.06.27"]
[SourceVersion "1"]
[SourceVersionDate "2011.06.27"]
[SourceQuality "1"]
[WhiteTeam "Havana"]
[BlackTeam "Victoria"]
[WhiteTeamCountry "ESP"]
[BlackTeamCountry "ESP"]

1. e4 c5 2. Nf3 a6 3. Nc3 e6 4. d4 cxd4 5. Nxd4 Qc7 6. g3 b5 7. Bd2 Bb7 8. Bg2 Nf6 9. 0-0 b4 10. Na4 Bxe4 11. f3 Bb7 12. c3 bxc3 13. Nxc3 Be7 14. Rc1 Nc6 15. Nce2 0-0 16. Kh1 Qb8 17. Bf4 e5 18. Nxc6 Bxc6 19. Bg5 Qxb2 20. Rc2 Qb7 21. Ng1 Rac8 22. Qa1 d6 23. Rfc1 Bd5 24. Rxc8 Rxc8 25. Rxc8+ Qxc8 26. a3 Qb7 27. Qf1 h6 28. Bd2 Bc6 29. Qe2 Qb5 30. Qe1 Qd3 31. Bb4 Nd5 32. Qf2 Nxb4 33. axb4 Bg5 34. Bf1 Qa3 35. h4 Be3 36. Qe2 Bb5 37. Qg2 Bxg1 38. Kxg1 Qxb4 39. Bxb5 axb5 40. g4 Qe1+ 41. Kh2 Qxh4+ 42. Kg1 Qe1+ 43. Kh2 b4 44. Qa2 Qc3 45. Qa4 Qxf3 46. Qd7 b3 47. g5 Qh5+ 0-1

[Event "Gran Canaria CupT"]
[Site "Gran Canaria"]
[Date "2011.06.03"]
[Round "3.4"]
[White "Perez Barreto, Adrian"]
[Black "Van Dorp, Jan"]
[Result "1-0"]
[WhiteElo "1911"]
[BlackElo "1980"]
[PlyCount "57"]
[EventDate "2011.06.02"]
[EventType "team-tourn"]
[EventRounds "7"]
[EventCountry "ESP"]
[SourceTitle "CBM 142 Extra"]
[Source "ChessBase"]
[SourceDate "2011.06.27"]
[SourceVersion "1"]
[SourceVersionDate "2011.06.27"]
[SourceQuality "1"]
[WhiteTeam "Tenerife CajaCanarias"]
[BlackTeam "Havana"]
[WhiteTeamCountry "ESP"]
[BlackTeamCountry "ESP"]

1. d4 Nf6 2. c4 e6 3. Nc3 g6 4. e4 Bg7 5. Bg5 h6 6. Bh4 g5 7. Bg3 d6 8. Be2 Nc6 9. h3 b6 10. Rc1 Bb7 11. d5 Ne5 12. dxe6 Nxe4 13. Bxe5 Nxc3 14. Bxc3 Bxc3+ 15. Rxc3 Bxg2 16. Rh2 Be4 17. Re3 d5 18. cxd5 Bxd5 19. exf7+ Kxf7 20. Bh5+ Kg7 21. Qd4+ Kh7 22. Qd3+ Kg7 23. Qg6+ Kf8 24. Rf3+ Ke7 25. Qf6+ Kd7 26. Bg4+ Ke8 27. Re3+ Be6 28. Rxe6+ Kd7 29. Re5# 1-0

[Event "NED-ch U17"]
[Site "Venlo"]
[Date "2009.04.28"]
[Round "5"]
[White "Admiraal, Miguoel"]
[Black "Van Dorp, Jan"]
[Result "1/2-1/2"]
[WhiteElo "2163"]
[BlackElo "1960"]
[PlyCount "93"]
[EventDate "2009.04.24"]
[EventType "swiss"]
[EventRounds "9"]
[EventCountry "NED"]
[SourceTitle "EXT 2013"]
[Source "ChessBase"]
[SourceDate "2012.11.22"]
[SourceVersion "1"]
[SourceVersionDate "2012.11.22"]
[SourceQuality "1"]

1. d4 Nf6 2. Bg5 Ne4 3. h4 d5 4. Nd2 Nxd2 5. Qxd2 Bf5 6. 0-0-0 h6 7. Bf4 Nd7 8. f3 e6 9. g4 Bh7 10. e4 Nb6 11. Bd3 Qd7 12. Qa5 Bd6 13. Ne2 a6 14. b3 Qc6 15. Rhe1 0-0-0 16. Bxd6 Rxd6 17. e5 Bxd3 18. Rxd3 Rdd8 19. a4 Kb8 20. Qd2 Qe8 21. h5 Qe7 22. a5 Nc8 23. b4 Na7 24. Rb3 Nb5 25. Nc3 c6 26. Na4 Qh4 27. Rf1 g6 28. hxg6 fxg6 29. Nc5 Nc7 30. Re3 Rdg8 31. Re2 Qe7 32. Rh2 h5 33. Rfh1 Rf8 34. f4 Qf7 35. gxh5 gxh5 36. f5 exf5 37. Qf4 Ka7 38. Qf3 Qg7 39. Rxh5 Rxh5 40. Qxh5 Qg3 41. Kb2 Qe3 42. Nb3 Nb5 43. Qh3 Qg5 44. Qh6 Qe7 45. c3 Rg8 46. Rh2 Nxc3 47. Nc5 1/2-1/2

[Event "NED-ch U17"]
[Site "Venlo"]
[Date "2009.04.24"]
[Round "1"]
[White "Van Dorp, Jan"]
[Black "Laan, Kart"]
[Result "1-0"]
[WhiteElo "1960"]
[BlackElo "1615"]
[PlyCount "59"]
[EventDate "2009.04.24"]
[EventType "swiss"]
[EventRounds "9"]
[EventCountry "NED"]
[SourceTitle "EXT 2013"]
[Source "ChessBase"]
[SourceDate "2012.11.22"]
[SourceVersion "1"]
[SourceVersionDate "2012.11.22"]
[SourceQuality "1"]

1. d4 d5 2. c4 e6 3. Nc3 c6 4. Nf3 dxc4 5. e4 b5 6. Be2 Nf6 7. Qc2 Nbd7 8. 0-0 Bb7 9. Bg5 Bb4 10. e5 h6 11. exf6 hxg5 12. fxg7 Rg8 13. Qh7 Nf6 14. Qh6 Bxc3 15. bxc3 Nd5 16. Qh7 Nf6 17. Qh8 Kd7 18. Ne5+ Kc7 19. Qh6 Nd5 20. Nxf7 Qe7 21. Nxg5 Nf4 22. Bg4 Rxg7 23. Nxe6+ Nxe6 24. Bxe6 Rf8 25. Rfe1 Rf6 26. Qe3 Rfg6 27. Qe5+ Kb6 28. g3 Qh4 29. Qc5+ Ka6 30. a4 1-0

[Event "Twente Young Master op-C"]
[Site "Twente"]
[Date "2007.08.10"]
[Round "8"]
[White "Van Dorp, Jan"]
[Black "Manoch, Maurice"]
[Result "1-0"]
[WhiteElo "1658"]
[BlackElo "1485"]
[PlyCount "55"]
[EventDate "2007.08.06"]
[EventType "swiss"]
[EventRounds "9"]
[EventCountry "NED"]
[SourceTitle "EXT 2008"]
[Source "ChessBase"]
[SourceDate "2007.11.25"]
[SourceVersion "1"]
[SourceVersionDate "2007.11.25"]
[SourceQuality "1"]

1. d4 Nf6 2. Bg5 g6 3. c4 d5 4. Nc3 c6 5. Nf3 Bg7 6. Qc1 Bf5 7. Bh6 0-0 8. Bxg7 Kxg7 9. e3 Nbd7 10. Be2 Qc7 11. Nh4 Be4 12. f3 Bf5 13. Nxf5+ gxf5 14. 0-0 Rg8 15. Bd3 e6 16. e4 dxe4 17. fxe4 Ng4 18. e5 f6 19. h3 Nh6 20. exf6+ Kg6 21. Qe3 Nf8 22. Rae1 Nf7 23. d5 Kxf6 24. dxe6 Nd6 25. Qe5+ Ke7 26. Rxf5 Qb6+ 27. c5 Qxb2 28. Qxd6+ 1-0

[Event "Hengelo U12 op"]
[Site "Hengelo"]
[Date "2005.08.13"]
[Round "13"]
[White "Van Dorp, Jan"]
[Black "Slagter, David"]
[Result "0-1"]
[WhiteElo "1448"]
[BlackElo "1514"]
[PlyCount "59"]
[EventDate "2005.08.??"]
[EventType "swiss"]
[EventRounds "13"]
[EventCountry "NED"]
[SourceTitle "CBM 107 Extra"]
[Source "ChessBase"]
[SourceDate "2005.09.01"]
[SourceVersion "1"]
[SourceVersionDate "2005.09.01"]
[SourceQuality "1"]

1. e4 c5 2. Nf3 d6 3. d4 cxd4 4. Nxd4 Nf6 5. Nc3 g6 6. Be3 Bg7 7. Bc4 0-0 8. Qd2 Ng4 9. 0-0 Nxe3 10. fxe3 Nc6 11. Qf2 e6 12. Rad1 a6 13. a4 Qb6 14. Bb3 Ne5 15. Kh1 Bd7 16. h3 Rac8 17. Qe2 Qc7 18. Rd2 Nc4 19. Bxc4 Qxc4 20. Qxc4 Rxc4 21. a5 Rfc8 22. Rff2 Be8 23. Rd1 Be5 24. g4 Kg7 25. g5 Rb4 26. Nb3 Bxc3 27. Rxd6 Rxe4 28. bxc3 Rxc3 29. Kg2 Rcxe3 30. Nc5 0-1

[Event "Hengelo U12 op"]
[Site "Hengelo"]
[Date "2005.08.09"]
[Round "2"]
[White "Mostertman, Milan"]
[Black "Van Dorp, Jan"]
[Result "1-0"]
[WhiteElo "1653"]
[BlackElo "1448"]
[PlyCount "52"]
[EventDate "2005.08.??"]
[EventType "swiss"]
[EventRounds "13"]
[EventCountry "NED"]
[SourceTitle "CBM 107 Extra"]
[Source "ChessBase"]
[SourceDate "2005.09.01"]
[SourceVersion "1"]
[SourceVersionDate "2005.09.01"]
[SourceQuality "1"]

1. e4 c5 2. Nf3 d6 3. d4 cxd4 4. Nxd4 Nf6 5. Nc3 a6 6. Be3 e6 7. Be2 Be7 8. 0-0 0-0 9. Kh1 b5 10. a3 Bb7 11. Bd3 Nc6 12. f4 Qd7 13. Qe1 e5 14. Nf5 g6 15. Nxe7+ Qxe7 16. f5 Rad8 17. Bg5 Nd4 18. Qh4 Kg7 19. g4 d5 20. Rae1 dxe4 21. Bxe4 Rd6 22. Bh6+ Kg8 23. Bxf8 Kxf8 24. fxg6 fxg6 25. g5 Bxe4+ 26. Nxe4 Nf5 1-0